000
00279nam a2200121Ia 4500
008
231129s9999||||xx |||||||||||||| ||spa||
040
_b
spa
082
_a
720.28 J16d
100
_a
Jacoby Helmut
245
0
_a
Dibujos de arquitectura
264
_a
Gustavo Gili
942
_2
ddc
_c
BKS
999
_c
9280
_d
9280